000 00767nam a2200217Ia 4500
001 10303
003 GE_BSU
008 181216s||||||||xx |||||||||||||| ||und||
040 _cGE_BSU
080 _a821.353.1-32
100 _aლორთქიფანიძე,ნიკო
245 _aთხზულებანი სრული კრებული ოთ ტომად.ტ.2
245 _bტ.2:მოთხრობები
245 _cრედ:დ.ბენაშვილი;მხატვ:.გ.გორდელაძე:
260 _aთბილისი.
260 _bსაბჭ.საქართველო
260 _c1959.
300 _a652გვ;23სმ.
653 _aტ.2:მოთხრობები
942 _cBK
999 _c43570
_d43570